[Event "Novokuznetsk SFO-ch U15"]
[Site "Novokuznetsk"]
[Date "2014.11.08"]
[Round "7"]
[White "Petukhov, Georgiy"]
[Black "Balzhinimaev, Dondop"]
[Result "1-0"]
[WhiteElo "800"]
[BlackElo "800"]
[PlyCount "105"]
[EventDate "2014.11.02"]
[EventType "swiss"]
[EventRounds "9"]
[EventCountry "RUS"]
[SourceTitle "CBM 163 Extra"]
[Source "ChessBase"]
[SourceDate "2014.12.23"]
[SourceVersion "1"]
[SourceVersionDate "2014.12.23"]
[SourceQuality "1"]

1. d4 d5 2. c4 c6 3. Nc3 Nf6 4. Bg5 e6 5. e3 Be7 6. Nf3 0-0 7. cxd5 exd5 8. Bd3 Bg4 9. 0-0 Nbd7 10. h3 Bh5 11. Rc1 Re8 12. Re1 Rc8 13. Bf4 Bf8 14. Be2 Ne4 15. Nd2 Bxe2 16. Nxe2 Ndf6 17. Nxe4 Nxe4 18. Qb3 Qb6 19. Qxb6 axb6 20. Nc3 Nxc3 21. bxc3 b5 22. Rb1 Ra8 23. Rb2 Ra5 24. Rc2 Rea8 25. Ree2 f5 26. f3 Re8 27. g4 fxg4 28. hxg4 b4 29. cxb4 Bxb4 30. Be5 c5 31. Kf2 c4 32. Rb2 Ra4 33. a3 Bxa3 34. Rxb7 Bf8 35. Rd7 Ra5 36. Rb2 Re7 37. Rd8 Rf7 38. Rbb8 Ra6 39. Bd6 h6 40. Rxf8+ Rxf8 41. Rxf8+ Kh7 42. Be5 Ra7 43. Rc8 g5 44. Rc7+ Rxc7 45. Bxc7 Kg6 46. Ke2 h5 47. gxh5+ Kxh5 48. e4 dxe4 49. fxe4 Kg6 50. Kd2 g4 51. Kc3 Kf6 52. Kxc4 Ke6 53. Bg3 1-0